LEADER 00930cam0-2200277 --450 001 9910319248003321 005 20190515123514.0 010 $a978-88-13-36584-4 100 $a20190515d2018----kmuy0itay5050 ba 101 0 $aita 102 $aIT 105 $a 001yy 200 1 $aCommentario breve allo Statuto del lavoro autonomo e del lavoro agile$fa cura di G. Zilio Grandi e M. Biasi 210 $aMilano$cWolters Kluwer$a[Padova]$cCEDAM$d2018 215 $aXXIII, 672 p.$d24 cm 610 0 $aLavoro agile [e] Lavoro autonomo$aLegislazione [:] Italia . Legge 2017 n. 81 676 $a344.45012$v23 702 1$aBiasi,$bMarco 702 1$aZilio Grandi,$bGaetano 801 0$aIT$bUNINA$gREICAT$2UNIMARC 901 $aBK 912 $a9910319248003321 952 $aVII Z 163$b2018/915$fFGBC 959 $aFGBC 996 $aCommentario breve allo statuto del lavoro autonomo e del lavoro agile$91513677 997 $aUNINA LEADER 02452oam 2200673I 450 001 9910790657403321 005 20230617024838.0 010 $a0-415-80229-6 010 $a1-135-87032-2 010 $a0-203-94328-7 010 $a1-135-87033-0 024 7 $a10.4324/9780203943281 035 $a(CKB)2550000001130965 035 $a(EBL)1474930 035 $a(OCoLC)861081410 035 $a(SSID)ssj0001053563 035 $a(PQKBManifestationID)12397000 035 $a(PQKBTitleCode)TC0001053563 035 $a(PQKBWorkID)11115086 035 $a(PQKB)10071322 035 $a(MiAaPQ)EBC1474930 035 $a(Au-PeEL)EBL1474930 035 $a(CaPaEBR)ebr10786524 035 $a(CaONFJC)MIL530674 035 $a(OCoLC)861199994 035 $a(EXLCZ)992550000001130965 100 $a20180331d2005 uy 0 101 0 $aeng 135 $aur|n|---||||| 181 $ctxt 182 $cc 183 $acr 200 10$aContextualizing homelessness $ecritical theory, homelessness, and federal policy addressing the homeless /$fKen Kyle 210 1$aNew York :$cRoutledge,$d2005. 215 $a1 online resource (297 p.) 225 1 $aNew approaches in sociology 225 0$aNew approaches in sociology.$pStudies in social, inequality, social change, and social justice 300 $aDescription based upon print version of record. 311 $a0-415-97442-9 311 $a1-299-99423-7 320 $aIncludes bibliographical references (pages 145-158) and indexes. 327 $aCritical theory and homelessness -- Analytical perspectives -- The McKinney act of 1987 -- "Homelessness" in context -- Science and homelessness -- Conclusions and critical review. 330 $aThis project employs three different disciplinary approaches--social constructionism, policy analysis, and rhetorical analysis--as a first step toward a critical theory of homelessness. 410 0$aNew Approaches in Sociology 606 $aHomelessness$zUnited States 606 $aCritical theory 606 $aHomelessness$xGovernment policy$zUnited States 615 0$aHomelessness 615 0$aCritical theory. 615 0$aHomelessness$xGovernment policy 676 $a305.5/692 700 $aKyle$b Ken.$01540529 801 0$bMiAaPQ 801 1$bMiAaPQ 801 2$bMiAaPQ 906 $aBOOK 912 $a9910790657403321 996 $aContextualizing homelessness$93792247 997 $aUNINA LEADER 01110nam0 22002651i 450 001 UON00192190 005 20231205103219.611 100 $a20030730d1966 |0itac50 ba 101 $aeng 102 $aUS 105 $a|||| 1|||| 200 1 $aNew essays by De Quincey$ehis contributions to the Edinburgh Saturday Post and the Edinburgh Evening Post$e1827-1828$fStuart M. Tave 210 $aPrinceton, (New Jersey): Princeton University Press$d1966 215 $aXIII, 412 p., [8] c. di tav.$d21 cm. 620 $aUS$dPrinceton$3UONL000074 676 $a823.7$cNarrativa inglese, 1800-1837$v21 700 1$aDE QUINCEY$bThomas$3UONV113828$0132065 702 1$aTAVE$bStuart M.$3UONV113301 712 $aPrinceton University Press$3UONV245813$4650 801 $aIT$bSOL$c20250530$gRICA 899 $aSIBA - SISTEMA BIBLIOTECARIO DI ATENEO$2UONSI 912 $aUON00192190 950 $aSIBA - SISTEMA BIBLIOTECARIO DI ATENEO$dSI Angl IV A DEQ 02 $eSI SI 2067 7 02 996 $aNew essays by De Quincey$91293429 997 $aUNIOR